<?xml version="1.0" encoding="UTF-8"?>
<record
    xmlns:xsi="http://www.w3.org/2001/XMLSchema-instance"
    xsi:schemaLocation="http://www.loc.gov/MARC21/slim http://www.loc.gov/standards/marcxml/schema/MARC21slim.xsd"
    xmlns="http://www.loc.gov/MARC21/slim">

  <leader>01639nam a2200265Ia 4500</leader>
  <datafield tag="999" ind1=" " ind2=" ">
    <subfield code="c">41340</subfield>
    <subfield code="d">41340</subfield>
  </datafield>
  <controlfield tag="001">7998</controlfield>
  <controlfield tag="003">GE_BSU</controlfield>
  <controlfield tag="005">20240212160413.0</controlfield>
  <controlfield tag="008">181216s2012ge  xx |||||||||||||| ||geo||</controlfield>
  <datafield tag="020" ind1=" " ind2=" ">
    <subfield code="a">9789941411564.</subfield>
  </datafield>
  <datafield tag="040" ind1=" " ind2=" ">
    <subfield code="c">GE_BSU</subfield>
  </datafield>
  <datafield tag="041" ind1=" " ind2=" ">
    <subfield code="a">geo</subfield>
  </datafield>
  <datafield tag="080" ind1=" " ind2=" ">
    <subfield code="a">614.253+147:61  &#x10D0;-26</subfield>
  </datafield>
  <datafield tag="100" ind1=" " ind2=" ">
    <subfield code="a">&#x10D0;&#x10EE;&#x10D0;&#x10DA;&#x10D0;&#x10EB;&#x10D4;,&#x10D0;&#x10D3;&#x10D0;&#x10DB;&#x10D8; ( &#x10D5;&#x10D0;&#x10EE;&#x10E2;&#x10D0;&#x10DC;&#x10D2;;&#x10D0;&#x10E0;&#x10E5;&#x10D8;&#x10DB;&#x10D0;&#x10DC;&#x10D3;&#x10E0;&#x10D8;&#x10E2;&#x10D8;).</subfield>
    <subfield code="9">14970</subfield>
  </datafield>
  <datafield tag="245" ind1=" " ind2=" ">
    <subfield code="a">&#x10D1;&#x10D8;&#x10DD;&#x10D4;&#x10D7;&#x10D8;&#x10D9;&#x10D0; : &#x10D2;&#x10D4;&#x10DC;&#x10D4;&#x10D6;&#x10D8;&#x10E1;&#x10D8;, &#x10D0;&#x10E0;&#x10E1;&#x10D8;, &#x10DB;&#x10D4;&#x10E0;&#x10DB;&#x10D8;&#x10E1;&#x10D8; = Bioethics: Genesis, essence, futurity = &#x411;&#x438;&#x43E;&#x44D;&#x442;&#x438;&#x43A;&#x430; : &#x413;&#x435;&#x43D;&#x435;&#x437;&#x438;&#x441;, &#x441;&#x443;&#x449;&#x43D;&#x43E;&#x441;&#x442;&#x44C;, &#x431;&#x443;&#x434;&#x443;&#x449;&#x43D;&#x43E;&#x441;&#x442;&#x44C; /</subfield>
    <subfield code="c">&#x10D0;&#x10D3;&#x10D0;&#x10DB;&#x10D8;( &#x10D5;&#x10D0;&#x10EE;&#x10E2;&#x10D0;&#x10DC;&#x10D2; &#x10D0;&#x10E0;&#x10E5;&#x10D8;&#x10DB;&#x10D0;&#x10DC;&#x10D3;&#x10E0;&#x10D8;&#x10E2;&#x10D8;)&#x10D0;&#x10EE;&#x10D0;&#x10DA;&#x10D0;&#x10EB;&#x10D4; ; &#x10E0;&#x10D4;&#x10D3;. &#x10DB;&#x10D0;&#x10DC;&#x10D0;&#x10DC;&#x10D0; &#x10E2;&#x10E3;&#x10E1;&#x10D9;&#x10D8;&#x10D0; ; &#x10D8;&#x10DC;&#x10D2;&#x10DA;. &#x10D4;&#x10DC;&#x10D0;&#x10D6;&#x10D4; &#x10DB;&#x10D7;&#x10D0;&#x10E0;&#x10D2;&#x10DB;&#x10DC;. &#x10DC;&#x10D8;&#x10DC;&#x10DD; &#x10E1;&#x10D0;&#x10DC;&#x10D8;&#x10D9;&#x10D8;&#x10EB;&#x10D4; ; &#x10EA;&#x10D8;&#x10E1;&#x10D0;&#x10DC;&#x10D0;-&#x10DB;&#x10D0;&#x10E0;&#x10D8;&#x10D0;&#x10DB; &#x10D1;&#x10DD;&#x10EA;&#x10D5;&#x10D0;&#x10EB;&#x10D4;.</subfield>
  </datafield>
  <datafield tag="264" ind1=" " ind2=" ">
    <subfield code="a">&#x10D7;&#x10D1;&#x10D8;&#x10DA;&#x10D8;&#x10E1;&#x10D8; :</subfield>
    <subfield code="b">&#x10E1;&#x10D4;&#x10D6;&#x10D0;&#x10DC;&#x10D8;, </subfield>
    <subfield code="c">2012.</subfield>
  </datafield>
  <datafield tag="300" ind1=" " ind2=" ">
    <subfield code="a">552 &#x10D2;&#x10D5;. ;</subfield>
    <subfield code="c">23 &#x10E1;&#x10DB;.</subfield>
  </datafield>
  <datafield tag="520" ind1=" " ind2=" ">
    <subfield code="a">&#x10D7;&#x10D0;&#x10D5;&#x10E4;&#x10E3;&#x10E0;&#x10EA;&#x10D4;&#x10DA;&#x10D8;,  &#x10E0;&#x10D4;&#x10D6;&#x10D8;&#x10E3;&#x10DB;&#x10D4;  &#x10D8;&#x10DC;&#x10D2;&#x10DA;&#x10D8;&#x10E1;&#x10E3;&#x10E0; &#x10D3;&#x10D0; &#x10E0;&#x10E3;&#x10E1;&#x10E3;&#x10DA;  &#x10D4;&#x10DC;&#x10D4;&#x10D1;&#x10D6;&#x10D4;</subfield>
  </datafield>
  <datafield tag="653" ind1=" " ind2=" ">
    <subfield code="a">&#x10D1;&#x10D8;&#x10DD;&#x10D4;&#x10D7;&#x10D8;&#x10D9;&#x10D0;</subfield>
  </datafield>
  <datafield tag="653" ind1=" " ind2=" ">
    <subfield code="a">&#x10D2;&#x10D4;&#x10DC;&#x10D4;&#x10D6;&#x10D8;&#x10E1;&#x10D8;, &#x10D0;&#x10E0;&#x10E1;&#x10D8;, &#x10DB;&#x10D4;&#x10E0;&#x10DB;&#x10D8;&#x10E1;&#x10D8;</subfield>
  </datafield>
  <datafield tag="700" ind1=" " ind2=" ">
    <subfield code="a">&#x10E2;&#x10E3;&#x10E1;&#x10D9;&#x10D8;&#x10D0;,  &#x10DB;&#x10D0;&#x10DC;&#x10D0;&#x10DC;&#x10D0; </subfield>
    <subfield code="e">&#x10E0;&#x10D4;&#x10D3;&#x10D0;&#x10E5;&#x10E2;&#x10DD;&#x10E0;&#x10D8;</subfield>
    <subfield code="9">14976</subfield>
  </datafield>
  <datafield tag="700" ind1=" " ind2=" ">
    <subfield code="a"> &#x10E1;&#x10D0;&#x10DC;&#x10D8;&#x10D9;&#x10D8;&#x10EB;&#x10D4;,  &#x10DC;&#x10D8;&#x10DC;&#x10DD; </subfield>
    <subfield code="e">&#x10DB;&#x10D7;&#x10D0;&#x10E0;&#x10D2;&#x10DB;&#x10DC;&#x10D4;&#x10DA;&#x10D8;</subfield>
    <subfield code="9">14977</subfield>
  </datafield>
  <datafield tag="700" ind1=" " ind2=" ">
    <subfield code="a">&#x10D1;&#x10DD;&#x10EA;&#x10D5;&#x10D0;&#x10EB;&#x10D4;, &#x10EA;&#x10D8;&#x10E1;&#x10D0;&#x10DC;&#x10D0;-&#x10DB;&#x10D0;&#x10E0;&#x10D8;&#x10D0;&#x10DB;</subfield>
    <subfield code="e">&#x10DB;&#x10D7;&#x10D0;&#x10E0;&#x10D2;&#x10DB;&#x10DC;&#x10D4;&#x10DA;&#x10D8;</subfield>
    <subfield code="9">14978</subfield>
  </datafield>
  <datafield tag="942" ind1=" " ind2=" ">
    <subfield code="c">BK</subfield>
    <subfield code="2">udc</subfield>
  </datafield>
  <datafield tag="952" ind1=" " ind2=" ">
    <subfield code="0">0</subfield>
    <subfield code="1">0</subfield>
    <subfield code="2">udc</subfield>
    <subfield code="4">0</subfield>
    <subfield code="6">61425314761_&#x10D0;26</subfield>
    <subfield code="7">0</subfield>
    <subfield code="9">48373</subfield>
    <subfield code="a">CPL</subfield>
    <subfield code="b">CPL</subfield>
    <subfield code="c">GEN</subfield>
    <subfield code="d">2018-12-17</subfield>
    <subfield code="o">614.253+147:61  &#x10D0;-26</subfield>
    <subfield code="p">25069</subfield>
    <subfield code="r">2018-12-17</subfield>
    <subfield code="t">25069</subfield>
    <subfield code="w">2018-12-17</subfield>
    <subfield code="y">BK</subfield>
  </datafield>
</record>
